Les Plus Grandes Villes Traversees par chaques Shinkansen - Statistiques

Statistiques générales
  • Ce quiz a été pris 7 fois
  • Le résultat moyen est 10 sur 65
Statistiques - réponses
Lignes Villes Population % Correct
Hiroshima 1.194 million
100%
Kyoto 1.479 million
100%
N'1 SHINKANSEN TOKAIDO Tokyo 13.491 million
100%
N'3 SHINKANSEN TOHOKU Tokyo 13.491 million
100%
Kobe 1.537 million
86%
Osaka 2.691 million
86%
N'2 SHINKANSEN SANYO Osaka 2.691 million
86%
Nagoya 2.296 million
57%
Yokohama 3.725 million
57%
Fukuoka 1.539 million
29%
N'6 SHINKANSEN KYUSHU Fukuoka 1.539 million
29%
Fukushima 294,247
29%
Joetsu 196,987
29%
Aomori 287,648
14%
N'7 SHINKANSEN HOKKAIDO Aomori 287,648
14%
Nagano 377,598
14%
Niigata 810,157
14%
Sendai 1.082 million
14%
Ageo 225,196
0%
Chikuma 59,381
0%
Fujioka 64,539
0%
Fukaya 143,811
0%
Fukuyama 464,811
0%
Hachinohe 231,257
0%
Hakodate 265,979
0%
Hamamatsu 797 980
0%
Himeji 535,664
0%
Hokuto 46,083
0%
Imabetsu 2,562
0%
Izumi 52,978
0%
Kagoshima 599,814
0%
N'5 SHINKANSEN HOKURIKU Kanazawa 465,699
0%
Kawaguchi 578,112
0%
Kawasaki 1.475 million
0%
Kikonai 4,448
0%
Kitakyushu 961,286
0%
Konosu 118,072
0%
Kugayama 198,742
0%
Kuki 152,311
0%
Kumamoto 740,822
0%
Kurashiki 477,118
0%
Kurume 304,552
0%
Maebashi 336,154
0%
Morioka 297,631
0%
Myama 38,223
0%
Nagaoka 275,133
0%
Namerikawa 33,320
0%
Nishinomiya 487,850
0%
Okayama 719,474
0%
Okazaki 381,051
0%
Omuta 117,360
0%
Saitama 1.264 million
0%
N'4 SHINKANSEN JOETSU Saitama 1.264 million
0%
Saku 99,368
0%
Satsumasendai 96,076
0%
Shizuoka 704 989
0%
Takaoka 172,125
0%
Takazaki 370,884
0%
Takazaki 370,884
0%
Tamana 70,530
0%
Toyama 418,686
0%
Toyohashi 374,765
0%
Ueda 156,827
0%
Utsunomiya 518,594
0%
Yatsushiro 127,472
0%
Aucun quiz correspondant
Distribution des résultats
% des personnes avec chaque résultat
Percentile par nombre de réponses
Votre historique - résultats
Vous n’avez pas pris ce quiz